<?xml version="1.0" encoding="UTF-8"?>
<record
    xmlns:xsi="http://www.w3.org/2001/XMLSchema-instance"
    xsi:schemaLocation="http://www.loc.gov/MARC21/slim http://www.loc.gov/standards/marcxml/schema/MARC21slim.xsd"
    xmlns="http://www.loc.gov/MARC21/slim">

  <leader>04049nam a2200241 a 4500</leader>
  <controlfield tag="001">000021216</controlfield>
  <controlfield tag="005">20200930011250.0</controlfield>
  <controlfield tag="008">100902s2006    sp c          000 0 spa d</controlfield>
  <datafield tag="020" ind1=" " ind2=" ">
    <subfield code="a">9788449424137</subfield>
  </datafield>
  <datafield tag="040" ind1=" " ind2=" ">
    <subfield code="a">DO-SdBNP</subfield>
    <subfield code="b">spa</subfield>
    <subfield code="c">BNPHU</subfield>
  </datafield>
  <datafield tag="082" ind1=" " ind2=" ">
    <subfield code="a">800</subfield>
    <subfield code="b">O13m</subfield>
  </datafield>
  <datafield tag="245" ind1="0" ind2="0">
    <subfield code="a">Obras maestras del relato breve :</subfield>
    <subfield code="b">con orientaciones did&#xE1;cticas.</subfield>
  </datafield>
  <datafield tag="260" ind1=" " ind2=" ">
    <subfield code="a">Barcelona, :</subfield>
    <subfield code="b">Oceano,</subfield>
    <subfield code="c">2006.</subfield>
  </datafield>
  <datafield tag="300" ind1=" " ind2=" ">
    <subfield code="a">646 p. :</subfield>
    <subfield code="b">retrs. ;</subfield>
    <subfield code="c">27 cm.</subfield>
  </datafield>
  <datafield tag="500" ind1=" " ind2=" ">
    <subfield code="a">Incluye notas al pie de las p&#xE1;ginas</subfield>
  </datafield>
  <datafield tag="505" ind1="0" ind2=" ">
    <subfield code="a">El cuento del zurdo de Tula y la pulga de acero /Nikol&#xE1;i Leskov -- El capote /Nikol&#xE1;i G&#xF3;gol --Un descenso dentro del Maelstrom / Edgar Allan Poe -- El beso /Ch&#xE9;jov Anton -- Lo real /Henry James -- Un suceso en la vida del mariscal de Bassompierre /Hugo von Hofmannsthal -- Una ma&#xF1;ana / Robert Walser -- MM. Burke &amp; Hare. Asesinos / Marcel Schwob -- El cazador Gracchus y otros cuentos /Franz Kafka -- La ventana abierta / Saki -- Un hombre muerto a puntapi&#xE9;s /Pablo Palacio -- El hombre muerto /Horacio Quiroga -- La nariz / Ryonosuke Akutagawa -- Escritos de vanguardia y otros cuentos / Daniil Charms -- El camino / Isaac B&#xE1;bel --Los senos de verdaderos S&#xE9;vres y otrso cuentos / Ram&#xF3;n G&#xF3;mez de la Serna -- La mujer de G&#xF3;gol / Tommaso Landolfi -- El ca&#xFA;caso / Iv&#xE1;n Bunin -- Semos Molas / Salarru&#xE9; -- El brazo de plata y otros cuentos / Henri Michaux -- peque&#xF1;os propietarios / Roberto Arlt -- Visitaci&#xF3;n / Bruno Schulz -- La mujer parecida a m&#xED; / Felisberto Hern&#xE1;ndez -- La u&#xF1;a / Max Aub -- La posada del arrabal / Robert Musil -- &#xC9;rase / Louis Zukofski -- El ascensorque bajo al infierno / P&#xE4;r Lagerkvist -- El mono / Isak Dinesen -- No oyes a los perros / Juan Rulfo -- Invocaci&#xF3;n para desorejarse /Jos&#xE9; Lezama Lima - Descubrimiento en el b&#xF3;sque / Graham Greene -- En casa del profeta / Thomas Mann -- La carne / Virgilio Pi&#xF1;era -- Yo soy Mart&#xED;n / Arturo Uslar Pietri -- Septiembre ardiente /William Faulkner -- La luz del mundo / Ernest Hemingway -- El buitre /Ram&#xF3;n J. Sender --</subfield>
  </datafield>
  <datafield tag="505" ind1="0" ind2=" ">
    <subfield code="a">El olocanto / Joan Perucho -- Remembranza / Eudora Welty -- Deutsches Requiem / Jorge Luis Borges --El elfo patata / Vladimir Nabokov -- La llave / Isaac Bashevis Singer -- Conversaci&#xF3;n con la monta&#xF1;a / Paul Celan -- Silvio en El Rosedal / Julio Ram&#xF3;n Ribeyro -- Una tumba perdida / Bernard Malamud -- La puerta cerrada / Jos&#xE9; Donoso -- Jabberwhorl Cronstadt / Henry Miller -- El infierno tan temido / Juan Carlos Onetti -- Inmovimiento / Samuel Beckett -- Juegos nocturnos / Augusto Roa Bastos -- El b&#xFA;falo / Clarice Lispector - La sierva ajena / Adolfo Bioy Casares -- &#xBF;Es una comedia? &#xBF;Es una tragedia? / Thomas Bernhard -- Las babas del diablo /Julio Cort&#xE1;zar -- Dos c&#xFA;pulas bulbosas en un paisaje nevado y otros cuentos / Istv&#xE1;n &#xD6;rk&#xE9;ny -- Los domingos en el hospicio /Jorge Edwards -- Asesinato en la oscuridad / Margaret Atwood -- Y / Guy Davenport -- TLB /Juan Benet -- Textos / Ursula K. Le Guin -- La voz de la tortuga, una historia que mi suegra me cont&#xF3; / Guillermo Cabrera Infante - Una estaci&#xF3;n de metro berlinesa / Uwe Johnson -- El verano de la se&#xF1;ora Forbes / Gabriel Garc&#xED;a M&#xE1;rquez -- Fuego de isla / John Hawkes -- El centerfielder / Sergio Ram&#xED;rez -- Mr. Taylor / Augusto Monterroso -- El Coco se llama Drilo / Pedro Shimose -- De hombres varios / Ror Wolf -- Bestial entre las flores / Reinaldo Arenas --Los cachoros / Mario Vargas Llosa -- La revoluci&#xF3;n / Slawomir Mrozek -- El aaazar y labeja y el examen / Rafael &#xC1;ngel Herra -- &#xBF;El aleteo de una mariposa en Nueva York puede provocar un tif&#xF3;n en Pek&#xED;n ? / Antonio Tabucchi -- La casa de bizcocho / Robert Coover - El iceberg y otros cuentos / Hor&#xE1;cio Costa -- Sobre la obligaci&#xF3;n de sonre&#xED;r en los campos de trabajo chinos / Gao Er Tai -- Escenas de mi padre llorando / Donald Barthelme -- Tres rosas amarillas /Raymond Carver.</subfield>
  </datafield>
  <datafield tag="650" ind1=" " ind2="4">
    <subfield code="a">Autores</subfield>
    <subfield code="x">Biograf&#xED;as</subfield>
    <subfield code="9">44345</subfield>
  </datafield>
  <datafield tag="650" ind1=" " ind2="4">
    <subfield code="a">Cuento</subfield>
    <subfield code="x">Historia y cr&#xED;tica</subfield>
    <subfield code="9">44346</subfield>
  </datafield>
  <datafield tag="650" ind1=" " ind2="4">
    <subfield code="a">Cuentos</subfield>
    <subfield code="x">Colecciones</subfield>
    <subfield code="9">8799</subfield>
  </datafield>
  <datafield tag="650" ind1=" " ind2="4">
    <subfield code="a">Literatura did&#xE1;ctica</subfield>
    <subfield code="9">23722</subfield>
  </datafield>
  <datafield tag="049" ind1=" " ind2=" ">
    <subfield code="a">BNPD</subfield>
  </datafield>
  <datafield tag="952" ind1=" " ind2=" ">
    <subfield code="0">0</subfield>
    <subfield code="1">0</subfield>
    <subfield code="5">0</subfield>
    <subfield code="7">1</subfield>
    <subfield code="8">MO</subfield>
    <subfield code="a">GR</subfield>
    <subfield code="b">GR</subfield>
    <subfield code="c">CT</subfield>
    <subfield code="d">2010-09-02</subfield>
    <subfield code="i">LF1</subfield>
    <subfield code="l">0</subfield>
    <subfield code="o">800 O13m</subfield>
    <subfield code="p">21216-10</subfield>
    <subfield code="r">2020-06-25</subfield>
    <subfield code="w">2020-06-25</subfield>
    <subfield code="y">1</subfield>
    <subfield code="Z">No se presta</subfield>
  </datafield>
  <datafield tag="999" ind1=" " ind2=" ">
    <subfield code="c">20717</subfield>
    <subfield code="d">20717</subfield>
  </datafield>
</record>
